Real & complex analysis / (Record no. 4041)

MARC details
000 -LEADER
fixed length control field 00556 a2200193 4500
010 ## - LCCN (DPL NO)
LC control number ENG-86047
020 ## - INTERNATIONAL STANDARD BOOK NUMBER
International Standard Book Number 0070619875
Terms of availability 295.00
035 ## - SYSTEM CONTROL NUMBER
System control number EN-69580
037 ## - SOURCE OF ACQUISITION
Source of stock number/acquisition D.B.Act / Pub
082 14 - DEWEY DECIMAL CLASSIFICATION NUMBER
Classification number 515
100 1# - MAIN ENTRY--PERSONAL NAME
Personal name Rudin, Walter
245 1# - TITLE STATEMENT
Title Real & complex analysis /
Statement of responsibility, etc by Walter Rudin
250 ## - EDITION STATEMENT
Edition statement 3rd ed.
260 ## - PUBLICATION, DISTRIBUTION, ETC. (IMPRINT)
Place of publication, distribution, etc New Delhi
Name of publisher, distributor, etc Tata Mc-Graw Hill Publishing
Date of publication, distribution, etc 2006
270 ## - ADDRESS
Address 7, West Patel Nagar
City New Delhi
Postal code 110 008
300 ## - PHYSICAL DESCRIPTION
Extent xiii, 416 p.
Dimensions 23 cm. (Pbk.)
500 ## - GENERAL NOTE
General note Includes index
942 ## - ADDED ENTRY ELEMENTS (KOHA)
Institution code [OBSOLETE] dpl
Item type English Books
Source of classification or shelving scheme Dewey Decimal Classification
Classification part 515
Call number suffix RUD
Holdings
Withdrawn status Lost status Not for loan Collection code Home library Current library Date acquired Source of acquisition Cost, normal purchase price Full call number Barcode Copy number Cost, replacement price Koha item type
    Not For Loan Non-fiction D.B.Act.Division D.B.Act.Division   DBAD/PUB 295.00 515 RUD EN-69580 1 295.00 English Books

© Delhi Public Library
Hit Counter
free hit counter